000 00306nam a2200121Ia 4500
008 190722s9999 xx 000 0 und d
020 _a978933254954-8
100 _aJohn Lee Yili Liu
245 0 _aIntroduction Human Factors Engineering
260 _aIndia
_bPearson Edu.
_c2013
300 _a581
942 _cBK
999 _c50
_d50